Religion, its functions in human life ; a study of religion from the point of view of psychology /

Bibliographic Details
Main Author: Dunlap, Knight, 1875-1949
Format: Book
Language:English
Published: New York, London : McGraw Hill, 1946.
Edition:1st ed.
Series:McGraw-Hill publications in psychology.
Subjects:

MARC

Tag First Indicator Second Indicator Subfields
LEADER 00000cam a2200000 4500
001 in00000059877
005 20151008051026.0
008 750123s1946 eng u
010 |a  46007061  
035 |a (OCoLC)01149663 
035 |9 AAG5109AM 
040 |c IAU  |d TXA  |d UtOrBLW 
049 |a TXAM  |c [138655] 
050 0 0 |a BL48  |b .D8 
082 0 |a 291 
092 |a 291  |b D921r 
100 1 |a Dunlap, Knight,  |d 1875-1949. 
245 1 0 |a Religion, its functions in human life ;  |b a study of religion from the point of view of psychology /  |c by Knight Dunlap. 
250 |a 1st ed. 
264 1 |a New York,  |a London :  |b McGraw Hill,  |c 1946. 
300 |a xi, 362 pages ;  |c 23 cm. 
336 |a text  |b txt  |2 rdacontent 
337 |a unmediated  |b n  |2 rdamedia 
338 |a volume  |b nc  |2 rdacarrier 
490 1 |a McGraw-Hill publications in psychology 
504 |a "Important references on religion and religions": pages 345-358. 
650 0 |a Religion. 
830 0 |a McGraw-Hill publications in psychology. 
999 |a MARS 
999 f f |s 20b5182c-0d1e-35fd-976c-2c7d93f75e61  |i d50f067a-4a82-3a21-81e7-0f13b7438278  |t 0 
952 f f |p ric  |a Texas A&M University  |b Rellis Campus  |c Joint Library Facility  |d Remote Storage  |t 0  |e BL48 .D8  |h Library of Congress classification  |i unmediated -- volume  |m A14800626887 
998 f f |a BL48 .D8  |t 0  |l Remote Storage